000 00519cam a22001931 4500
001 af 47006766
003 DLC
005 20260227110838.0
008 890112s1945 fr 000 0 fre c
010 _aaf 47006766
035 _a(OCoLC)19010308
040 _aChicago. Univ. Library
_cCU
_dDLC
042 _apremarc
050 0 0 _aPQ2643.E43
_bL6
100 1 _aVendel, Henri Joseph,
_d1892-
245 1 0 _aLorsque l'enfant portait le monde.
260 _aParis,
_bÉditions du Pavois
_c[1945]
300 _a142 p.
_c19 cm.
999 _c3678
_d3678